| 000 | 00634nam a2200205 i 4500 | ||
|---|---|---|---|
| 001 | 101344 | ||
| 003 | ES-MaACL | ||
| 005 | 20250829062546.0 | ||
| 007 | t| | ||
| 008 | 051018s1967 sp ||||1| spa d | ||
| 080 | _a821.133.1.09"19" | ||
| 100 | 1 |
_aMaurois, André, _d1885-1967 _979267 |
|
| 245 | 1 | 0 |
_aDe Proust a Camus / _cAndré Maurois ; [traducción de Domingo Pruna]. |
| 260 |
_aBarcelona : _bG.P., _c[1967] |
||
| 300 |
_a308 p., 3 h. ; _c18 cm. |
||
| 650 | 4 |
_aLiteratura francesa- _yS.XX- _xHistoria y crítica. _914593 |
|
| 700 | 1 |
_aPruna, Domingo. _994081 |
|
| 852 |
_aES-MaACL _jC-31987 _bR.62473 |
||
| 999 |
_c101344 _d101344 |
||